[Event "150th Dundee Grandmaster Chess"]
[Site "Dundee"]
[Date "2017.07.18"]
[Round "5"]
[White "Pritchett, Craig W"]
[Black "Greet, Andrew N"]
[Result "0-1"]
[WhiteElo "2326"]
[BlackElo "2447"]
[Annotator "TA"]
[PlyCount "82"]
[EventDate "2017.??.??"]
[EventCountry "SCO"]
[SourceTitle "playchess.com"]
[Source "ChessBase"]
[SourceQuality "1"]

{[%evp 13,82,-7,6,7,2,22,20,11,26,-6,0,0,0,0,15,-48,-22,-25,-11,-23,-31,-29,-7,-22,0,0,59,45,66,58,44,75,33,70,56,51,41,0,0,0,0,-7,0,0,14,0,0,0,0,-149,-105,-377,-364,-435,-377,-709,-663,-770,-750,-695,-681,-669,0,-672,0,-614,-659,-617,-645,-636,-605]} 1. e4 e6 2. d4 d5 3. Nc3 Bb4 4. e5 c5 5. a3 Bxc3+ 6. bxc3 Ne7 7. a4 Nbc6 8. f4 {C19: French: 3 Nc3 Bb4: Main line: 7 Nf3 and 7 a4} Bd7 {[%cal Bc8d7,Bd7e8,Be8g6][%mdl 32]} 9. Nf3 Qa5 10. Bd2 {The position is equal.} f6 (10... Qc7 11. Bd3 Na5 12. O-O Nc4 13. Bc1 Nb6 14. Ng5 h6 15. Qh5 g6 {1-0 (26) Oparin,G (2604)-Goganov,A (2592) Sochi 2017}) 11. Bd3 c4 12. Be2 O-O-O 13. O-O Be8 $146 ({Predecessor:} 13... Rdf8 14. exf6 gxf6 {½-½ (36) Cicak,S (2385)-Guenthner,O (2295) Brno 1995}) 14. g4 (14. Nh4 $11) 14... Bg6 (14... h5 $5 {[%cal Rh5g4]} 15. exf6 gxf6 $11) 15. f5 exf5 16. exf6 gxf6 17. Nh4 {[%cal Rg4f5]} Rhg8 18. Kh1 {[%cal Rg4f5]} fxg4 (18... Kb8 {feels hotter.} 19. gxf5 Bf7 20. Bf4+ Ka8 21. Qd2 Nc8) 19. Nxg6 Rxg6 (19... hxg6 $11 20. Rxf6 g3) 20. Bxg4+ $14 f5 21. Rxf5 Nxf5 22. Bxf5+ Kb8 {[#] White must now prevent ...Rf6.} 23. Bxg6 hxg6 24. Qg4 Ka8 25. Rf1 Qxa4 26. Qxg6 a5 27. Bg5 Rh8 28. Qg7 Rb8 (28... Rc8 $5 {[%cal Ra4c2]} 29. Qd7 Rh8 $11) 29. Bf4 Re8 30. Rb1 {[%csl Gb1][%cal Rg7b7]} Re7 $1 $36 {[%cal Re7g7][%mdl 2048] Black is more active.} 31. Qf8+ (31. Qg6 $11 {keeps the balance.}) 31... Ka7 $17 32. Bb8+ $2 {[%mdl 8192]} (32. Qf5 $17 {only move.} Qa2 33. Rf1) 32... Ka6 $19 33. Be5 {With the idea Qa8+.} Qxc2 34. Rf1 $2 (34. Qa8+ Na7 35. Rf1 Qe4+ 36. Kg1) 34... Qe4+ 35. Kg1 {[#]} Nxe5 $1 {[%mdl 512]} 36. dxe5 {[%mdl 4096] Endgame KQR-KQR} Qe3+ 37. Kh1 {And now Rf6+ would win.} Qe4+ 38. Kg1 $1 Qe3+ 39. Kh1 {Threatens to win with Rf6+.} Qxe5 {Black is clearly winning.} 40. Qa8+ Kb6 {( -> ...Qe4+)} 41. Rb1+ Kc6 $1 {Precision: White = 40%, Black = 49%.} 0-1

[Event "150th Dundee Grandmaster Chess"]
[Site "Dundee"]
[Date "2017.07.20"]
[Round "6"]
[White "Petr, Martin"]
[Black "Rozentalis, Eduardas"]
[Result "1/2-1/2"]
[WhiteElo "2486"]
[BlackElo "2509"]
[Annotator "TA"]
[PlyCount "63"]
[EventDate "2017.??.??"]
[EventCountry "SCO"]
[SourceTitle "playchess.com"]
[Source "ChessBase"]
[SourceQuality "1"]

{[%evp 13,63,9,11,0,4,-10,17,16,17,7,3,0,17,1,1,0,-7,-4,-1,0,0,-4,-7,0,20,23,16,17,19,18,25,23,23,22,25,11,9,9,9,0,10,0,9,0,10,0,0,0,10,0,2,0]} 1. d4 Nf6 2. Nf3 b6 3. e3 e6 4. Bd3 Bb7 5. O-O d5 6. b3 Bd6 7. Bb2 O-O 8. Ne5 {D05: Colle System with ...e6} (8. c4 Nbd7 9. Nc3 a6 10. Rc1 Ne4 11. Ne2 Qe7 12. Ng3 f5 13. Ne5 Nxe5 14. dxe5 Bc5 15. cxd5 exd5 16. Ne2 a5 17. Kh1 Qh4 18. Bxe4 fxe4 19. Nf4 Rxf4 20. exf4 {0-1 (59) Halkias,S (2585)-Zhigalko,S (2671) Doha 2016}) 8... Nc6 9. Nd2 Ne7 $146 ({Predecessor:} 9... Nb4 10. Be2 c5 11. a3 Nc6 12. Bd3 cxd4 13. exd4 Qc7 14. f4 Ne7 15. Qf3 Rac8 {1-0 (55) Terentiev,V (2355)-Chernyshov,K (2569) Voronezh 2004}) 10. Qf3 Ng6 11. Nxg6 hxg6 12. Rfe1 Nh7 13. e4 Ng5 14. Qe3 Nxe4 15. Nxe4 dxe4 16. Bxe4 Bxe4 17. Qxe4 Qg5 18. Rad1 (18. h4 $5 {[%cal Rh4g5]} Qd5 19. g3 $11) 18... Qf4 19. Qxf4 Bxf4 20. d5 exd5 21. Rxd5 Rfe8 {[%cal Re8e1] [#]} 22. Kf1 Rxe1+ (22... Bxh2 $6 23. Rxe8+ Rxe8 24. g3 $16) 23. Kxe1 $11 {[%mdl 4096] Endgame KRB-KRB} Re8+ ({Don't play} 23... Bxh2 $6 24. g3 $16) 24. Kd1 Bd6 {The position is equal.} 25. Bc3 f6 26. a4 a6 27. Bd2 Kf7 28. c4 Ke6 ({Much weaker is} 28... Bxh2 $6 29. Rd7+ Kg8 30. g3 $16) 29. Rd3 Rh8 ({Of course not} 29... Bxh2 $6 30. Re3+ Kd7 31. Rxe8 $16) 30. h3 c6 31. Re3+ Kf7 32. Rd3 {Precision: White = 28%, Black = 30%.} 1/2-1/2

[Event "150th Dundee Grandmaster Chess"]
[Site "Dundee"]
[Date "2017.07.20"]
[Round "6"]
[White "Kapnisis, Spyridon"]
[Black "Pritchett, Craig W"]
[Result "1-0"]
[WhiteElo "2464"]
[BlackElo "2326"]
[Annotator "TA"]
[PlyCount "57"]
[EventDate "2017.??.??"]
[EventCountry "SCO"]
[SourceTitle "playchess.com"]
[Source "ChessBase"]
[SourceQuality "1"]

{[%evp 14,57,8,1,13,13,12,8,12,11,18,0,6,-8,-9,-14,-11,-18,-17,-50,-21,-35,26,0,68,63,152,41,45,57,93,93,100,126,132,118,415,392,454,437,429,424,29994,29995,29995,29996]} 1. d4 Nf6 2. Nf3 e6 3. e3 b6 4. Bd3 Bb7 5. O-O d5 6. c4 Bd6 7. b3 O-O 8. Bb2 Qe7 {E14: Queen's Indian: Classical Variation (4 e3)} (8... Nbd7 9. Nc3 a6 10. Qe2 Ne4 11. Rfd1 Qe7 12. Rac1 f5 13. h3 Rf7 14. Bb1 Raf8 15. a4 Rf6 16. Ne5 Nxe5 17. dxe5 Bxe5 18. Nxe4 Bxb2 19. Nxf6+ Qxf6 {1-0 (69) Bacrot,E (2695)-Cornette,M (2586) chess.com INT 2017}) 9. Nc3 a6 10. a4 $146 ({Predecessor:} 10. Rc1 Nbd7 11. Na4 dxc4 12. bxc4 e5 13. c5 e4 14. cxd6 Qxd6 15. Ne5 exd3 16. Nxd3 Rac8 17. f3 Nd5 18. Re1 Rfe8 19. e4 Nb4 20. Nxb4 Qxb4 {1-0 (40) Marin,M (2550)-Grecescu,G (2423) Brasov 2011}) 10... a5 {The position is equal.} 11. Rc1 Na6 12. Ne5 Nb4 13. Bb1 Ne4 14. Nb5 Bxe5 15. dxe5 Nc5 16. Bd4 dxc4 17. Rxc4 Qg5 (17... g6 $15) 18. f3 Bd5 ({Black should try} 18... Qe7 $11) 19. Rc3 $40 {[%mdl 128] Black needs to defend precisely.} Nba6 ({Better is} 19... Bc6 $14) 20. Qc2 (20. e4 $1 $16 {[%cal Re4d5]} Bc6 21. Qe2) 20... g6 21. e4 {[%cal Be3e4,Be4f5,Bf5f6][%mdl 32]} Bb7 22. f4 ({Reject} 22. Bxc5 Nxc5 23. Nxc7 Rac8 $15) 22... Qe7 23. Qe2 Nb4 24. f5 exf5 $2 {[%mdl 8192]} (24... Rfd8 $16) 25. exf5 $18 Nc6 26. f6 Nxd4 {[#]} 27. Qe3 $1 (27. fxe7 $2 {perishes.} Nxe2+ 28. Kf2 Rfe8 $19) ({Weaker is} 27. Nxd4 Qd7 $11) 27... Qd7 {[#]} (27... Ne2+ $18 28. Kf2 Nxc3 29. fxe7 Rfe8 30. Nxc3 Rxe7) 28. Qh6 $1 {[%csl Gf6][%cal Rh6g7]} Nce6 29. Rh3 {Precision: White = 66%, Black = 37%.} 1-0

[Event "150th Dundee Grandmaster Chess"]
[Site "Dundee"]
[Date "2017.07.20"]
[Round "6"]
[White "Greet, Andrew N"]
[Black "Williams, Simon K"]
[Result "1-0"]
[WhiteElo "2447"]
[BlackElo "2442"]
[Annotator "TA"]
[PlyCount "97"]
[EventDate "2017.??.??"]
[EventCountry "SCO"]
[SourceTitle "playchess.com"]
[Source "ChessBase"]
[SourceQuality "1"]

{[%evp 13,97,13,23,0,14,-14,-11,-18,-8,-13,-8,-11,-6,-11,0,-47,-50,-40,-55,-48,-42,-33,-34,-43,-33,-58,-51,-58,-46,-99,-89,-100,-42,-31,-59,-37,-26,-54,-39,-66,-25,-55,0,0,0,0,0,0,7,0,0,0,14,32,60,85,77,27,49,0,11,11,147,133,134,90,158,122,350,372,372,370,282,325,300,435,1235,1000,756,365,725,692,29988,29989,29989,29990]} 1. d4 Nf6 2. Nf3 e6 3. c4 c5 4. e3 d5 5. a3 cxd4 6. exd4 Be7 7. Nc3 O-O 8. c5 {B14: Caro-Kann: Panov-Botvinnik Attack with 5...e6 and 5...g6} (8. Bg5 b6 9. Rc1 Nbd7 10. Bd3 dxc4 11. Bxc4 Bb7 12. O-O Rc8 13. Ba2 Ne4 14. Nxe4 Rxc1 15. Qxc1 Bxe4 16. Bxe7 Qxe7 {½-½ (47) Krasenkow,M (2635)-Istratescu,A (2667) Saint-Quentin 2014}) 8... Ne4 9. Bd3 Nxc3 10. bxc3 {The position is equal.} b6 11. h4 $146 ({Predecessor:} 11. cxb6 axb6 12. O-O Ba6 13. Ne5 Qc7 14. c4 Bd6 15. cxd5 exd5 {1-0 (32) Priehoda,V (2385)-Vaznonis,V (2377) Plovdiv 2010}) 11... Nd7 {[%cal Bb8d7,Bd7f6,Bf6e4][%mdl 32]} 12. c6 Nf6 $1 13. Ne5 Ne4 14. Qc2 f6 15. Nf3 Qc7 16. Bxe4 dxe4 17. Qxe4 f5 18. Qd3 Qxc6 {White must now prevent ...Ba6!} 19. Bf4 Qe4+ 20. Qe3 Ba6 21. Ng5 (21. Kd2 $15) 21... Qxg2 $17 22. Kd2 Bc4 ({Better is} 22... Bxg5 $17 23. hxg5 Qd5) 23. Nxe6 Bxe6 24. Qxe6+ Kh8 (24... Rf7 $5 {[%cal Rg2f2]} 25. Raf1 Qf3 $15) 25. Rh2 Qg4 26. Qe3 $1 Rae8 {Strongly threatening ...Bd6!} 27. Be5 Bf6 ({Black should play} 27... f4 $15 28. Qh3 Qh5) 28. f4 $1 $11 Bxe5 29. fxe5 f4 30. Qe4 Qe6 (30... Rc8 $5 {[%cal Rg4g3]} 31. Qd3 b5 $15) 31. Rf2 Qb3 32. Raf1 Qxa3 33. Rxf4 Rxf4 34. Rxf4 {[%mdl 4096] Endgame KQR-KQR} Qa2+ 35. Qc2 Qd5 36. Qf5 {And now Qf7 would win.} h6 37. Qg6 Qa2+ (37... Rc8 $11) 38. Ke1 $1 $16 Qa1+ 39. Kf2 Qb2+ {[#]} (39... Rd8 $142) 40. Kg1 $1 Qc1+ $2 (40... Rg8 $16 {was worth a try.}) 41. Rf1 $18 Qe3+ {[#]} 42. Kg2 $1 Rg8 43. e6 {[%cal Be5e6,Be6e7][%mdl 32]} Qxc3 44. e7 Qe3 (44... Qd2+ $142 45. Rf2 Qe3) 45. Qf7 Qe4+ 46. Rf3 (46. Kh3 $142 Qa8 47. Qf8) 46... a5 $2 (46... Kh7 47. Qf5+ Qxf5 48. Rxf5 Re8) 47. Kh3 g5 48. hxg5 hxg5 49. Qh5+ {Precision: White = 63%, Black = 26%.} 1-0

[Event "150th Dundee Grandmaster Chess"]
[Site "Dundee"]
[Date "2017.07.20"]
[Round "6"]
[White "Cramling, Pia"]
[Black "Arkell, Keith C"]
[Result "1/2-1/2"]
[WhiteElo "2444"]
[BlackElo "2424"]
[Annotator "TA"]
[PlyCount "60"]
[EventDate "2017.??.??"]
[EventCountry "SCO"]
[SourceTitle "playchess.com"]
[Source "ChessBase"]
[SourceQuality "1"]

{[%evp 20,60,47,55,56,64,62,37,48,38,50,43,39,33,33,33,33,33,33,33,33,33,48,33,33,33,33,33,33,35,45,25,42,0,0,0,0,0,0,0,0,0,0]} 1. Nf3 d5 2. d4 Nf6 3. c4 c6 4. Nc3 g6 5. cxd5 cxd5 6. Bf4 Nc6 7. e3 Bg7 8. h3 O-O 9. Be2 Ne4 10. Rc1 {D90: Grünfeld: 4 Nf3 Bg7 sidelines} Nxc3 (10... Be6 11. O-O Rc8 12. Qb3 Na5 13. Qa3 Nxc3 14. Rxc3 Qb6 15. Rfc1 Rxc3 16. Rxc3 Nc4 17. Bxc4 dxc4 {1-0 (33) Gupta,A (2633)-Laylo,D (2471) Olongapo City 2015}) 11. Rxc3 {LiveBook: 4 Games} e6 12. O-O {White is slightly better.} Qe7 $146 ({Predecessor:} 12... a6 13. a3 Bd7 14. Qc2 Rc8 15. Rc1 Ne7 {1-0 (35) Brousek,J-Brazdil Czechoslovakia 1982}) 13. Ne5 Bd7 14. Nxd7 Qxd7 15. Bb5 Rfc8 16. Qa4 a6 17. Bxc6 Rxc6 18. Rxc6 Qxc6 19. Qxc6 bxc6 $14 {[%mdl 4096] Endgame KRB-KRB} 20. Rc1 Rc8 21. Bd6 Bf8 22. Bc5 Bxc5 23. Rxc5 {KR-KR} Kf8 24. Ra5 Rb8 25. Rxa6 Rxb2 26. Rxc6 Rxa2 {The position is equal.} 27. h4 h5 28. g3 Kg7 29. Kg2 Rb2 30. Kf3 Kf6 {Precision: White = 71%, Black = 97%.} 1/2-1/2

[Event "150th Dundee Grandmaster Chess"]
[Site "Dundee"]
[Date "2017.07.20"]
[Round "6"]
[White "McNab, Colin A"]
[Black "Arakhamia-Grant, Ketevan"]
[Result "0-1"]
[WhiteElo "2435"]
[BlackElo "2364"]
[Annotator "TA"]
[PlyCount "70"]
[EventDate "2017.??.??"]
[EventCountry "SCO"]
[SourceTitle "playchess.com"]
[Source "ChessBase"]
[SourceQuality "1"]

{[%evp 19,70,-9,7,0,8,-7,0,0,0,0,0,-60,-40,-56,-67,-85,-84,-78,-87,-95,-100,-88,-91,-157,-153,-156,-130,-129,-112,-119,-119,-182,-163,-138,-139,-283,-282,-462,-463,-568,-568,-558,-581,-582,-583,-767,-760,-762,-740,-808,-812,-786,-802]} 1. c4 e5 2. Nc3 Bb4 3. Nd5 Bc5 4. Nf3 c6 5. Nc3 d6 {[%cal Bd7d6,Bd6d5,Bd5d4][%mdl 32]} 6. g3 {A21: English Opening: 1...e5 2 Nc3} (6. e3 Bb4 7. d4 Nd7 8. Qc2 Ngf6 9. a3 Bxc3+ 10. Qxc3 O-O 11. Be2 Re8 12. b4 e4 {0-1 (47) Caruana,F (2808)-Anand,V (2786) Stavanger 2017}) 6... Nf6 7. d3 O-O 8. Bg2 h6 9. O-O Bb6 10. b4 $146 ({Predecessor:} 10. h3 Re8 11. e4 Nbd7 12. Rb1 a5 {½-½ (43) Mchedlishvili,M (2609)-Van der Weide,K (2502) Dresden 2007}) 10... d5 {LiveBook: 15 Games} 11. Qc2 Re8 12. e4 d4 13. Na4 Bc7 14. Bd2 b6 {[%cal Bb7b6,Bb6b5][%mdl 32]} 15. c5 (15. Nh4 $11) 15... b5 $36 {[%mdl 2048] Black has some pressure.} 16. Nb2 a5 17. bxa5 Na6 18. a4 Nd7 19. axb5 cxb5 20. c6 Ndc5 {[%mdl 1024] Black has strong compensation.} 21. Rfb1 (21. Nh4 $142) 21... Re6 $1 $17 22. Nd1 {[#]} Rb8 $1 23. Rb2 Qe8 24. Qb1 Qxc6 25. Ne1 (25. Bh3 $17) 25... Re8 26. f4 {[#]} b4 $1 {[%mdl 512]} 27. Bxb4 {[#]} (27. Qc1 $17 {was necessary.}) 27... Na4 $1 $19 {[%cal Ra4b2]} ({Weaker is} 27... Rxb4 28. Rxb4 Nxb4 29. Qxb4 $11) (27... exf4 28. e5 $11) 28. Rb3 $2 (28. Rc2 Qb5 29. Rc1 (29. Rc4 $2 N4c5 $19) 29... exf4 30. Bd2) 28... Be6 {Black is clearly winning.} ({Not} 28... Nxb4 29. Rxb4 Ba6 30. fxe5 $15 (30. Raxa4 $2 Qxa4 31. Rxa4 Rxb1 $19)) 29. Nc2 {[#] Now Rba3 and White clings on.} Bxa5 $1 {[%mdl 512]} 30. fxe5 (30. Bxa5 Rxb3) 30... Bxb3 31. Qxb3 Nxb4 32. Qxa4 Qxa4 33. Rxa4 Nxc2 34. Rxa5 Rb1 35. Bf3 Ne3 {Precision: White = 38%, Black = 83%.} 0-1

[Event "150th Dundee Grandmaster Chess"]
[Site "Dundee"]
[Date "2017.07.21"]
[Round "7"]
[White "Rozentalis, Eduardas"]
[Black "McNab, Colin A"]
[Result "1/2-1/2"]
[WhiteElo "2509"]
[BlackElo "2435"]
[Annotator "TA"]
[PlyCount "118"]
[EventDate "2017.??.??"]
[EventCountry "SCO"]
[SourceTitle "playchess.com"]
[Source "ChessBase"]
[SourceQuality "1"]

{[%evp 25,118,36,35,44,31,14,24,8,41,38,62,62,62,57,56,62,70,70,75,20,33,20,42,34,24,35,33,39,46,39,47,40,38,34,22,19,7,0,0,0,0,0,32,40,67,16,22,0,0,0,0,0,0,0,0,0,0,0,0,0,0,0,0,0,0,0,0,0,0,0,0,0,0,0,0,0,0,0,0,0,0,0,0,0,0,0,0,0,0,0,0,0,0,0,0]} 1. e4 g6 2. d4 Bg7 3. Nc3 d6 4. Be3 Nf6 5. Qd2 c6 6. Bh6 Bxh6 7. Qxh6 Qa5 8. Bd3 c5 9. d5 {B07: Pirc Defence: Miscellaneous Systems} Nbd7 10. Nf3 c4 11. Bxc4 Qc5 12. Bd3 Qxf2+ 13. Kxf2 Ng4+ {LiveBook: 7 Games} 14. Ke2 (14. Kg3 Nxh6 15. Rhe1 O-O 16. e5 dxe5 17. Nxe5 {1-0 (39) Vachier Lagrave,M (2768)-Peralta,F (2574) Tromsoe 2014}) 14... Nxh6 15. Nb5 $146 {[%cal Bc3b5,Bb5d4,Bd4c6][%mdl 32]} ({Predecessor:} 15. h3 O-O 16. Kd2 f6 {1-0 (51) Gurevich,D (2461)-Rasik,V (2452) Olomouc 2016}) 15... O-O 16. h3 a6 17. Nbd4 Nc5 18. b4 Nxd3 19. cxd3 Bd7 20. Rhc1 Rfc8 21. Nd2 b5 22. Nc6 ({White should try} 22. a4 $16) 22... Kf8 $1 $11 23. a4 e6 24. axb5 axb5 25. Ra5 exd5 26. exd5 Nf5 27. Nb3 Ne7 28. Nxe7 Kxe7 29. Rxc8 Rxc8 $14 {[%mdl 4096] Endgame KRB-KRN} 30. Kd2 Kf6 31. Nd4 Ke5 32. Nxb5 Bxb5 33. Rxb5 $11 {KR-KR} Kd4 34. Rb7 Rf8 35. Rc7 (35. b5 $14) 35... h5 {The position is equal.} 36. Rc4+ Kxd5 37. Kc3 Rb8 38. Rc7 f6 39. h4 g5 40. hxg5 fxg5 41. Rg7 Rc8+ 42. Kb3 g4 43. Rg5+ Kd4 44. Rxh5 Rc3+ 45. Ka4 {[#] Strongly threatening b5.} Rxd3 46. b5 {And now b6 would win.} d5 47. Rg5 Rd1 48. Rg6 Rb1 49. Ka5 Rb2 50. g3 Rb3 51. Kb6 Rxg3 52. Kc6 Ke5 53. b6 Rc3+ 54. Kd7 Rb3 55. Kc7 Kf4 56. b7 Rxb7+ $1 57. Kxb7 d4 58. Rd6 Ke3 59. Rg6 d3 {Precision: White = 65%, Black = 83%.} 1/2-1/2

[Event "150th Dundee Grandmaster Chess"]
[Site "Dundee"]
[Date "2017.07.21"]
[Round "7"]
[White "Willliams, Simon K"]
[Black "Kapnisis, Spyridon"]
[Result "0-1"]
[WhiteElo "2442"]
[BlackElo "2464"]
[Annotator "TA"]
[PlyCount "100"]
[EventDate "2017.??.??"]
[EventCountry "SCO"]
[SourceTitle "playchess.com"]
[Source "ChessBase"]
[SourceQuality "1"]

{[%evp 26,100,57,53,60,31,73,12,31,8,8,14,14,14,12,6,11,12,22,31,31,37,20,8,37,0,10,-35,-39,-48,-36,-170,-164,-275,-254,-284,-284,-361,-374,-345,115,114,114,125,117,-42,-43,-203,-203,-225,-216,-253,-112,-107,-110,-150,-124,-138,-129,-206,-220,-275,-277,-260,-246,-303,-296,-5509,-5506,-2081,-1008,-29975,-29976,-29976,-29978,-29978,-29979]} 1. d4 d5 2. c4 e6 3. Nc3 c5 4. cxd5 cxd4 5. Qa4+ Bd7 6. Qxd4 exd5 7. Qxd5 Nc6 8. Nf3 Nf6 9. Qd1 Bc5 10. e3 Qe7 11. Be2 O-O-O 12. O-O g5 13. b4 Bxb4 14. Bb2 g4 {D32: Tarrasch Defence: Sidelines and lines without g3} 15. Nd4 Kb8 $1 16. Ncb5 ({Better is} 16. Rb1 $16) 16... Nxd4 $11 {The position is equal.} (16... Rhg8 17. Rc1 a6 18. Rxc6 bxc6 19. Na7 Kxa7 20. Qd3 Nd5 21. a3 c5 22. Qxa6+ {0-1 (33) Hillarp Persson,T (2539)-Jepson,C (2425) Sweden 2016}) 17. Bxd4 Bxb5 18. Bxb5 Bc3 $1 19. Rb1 {Black must now prevent Bc6.} Bxd4 20. exd4 {White wants to play Bc6.} Rd6 $146 ({NOTEXT:} 20... Ka8 21. Re1 Qc7 22. Qa4 {½-½ (39) Andersen,L (2116)-Rulfs,E (2099) Chessfriend.com 2005}) 21. Qb3 Rb6 22. Qd3 Qe4 23. Qg3+ Ka8 24. a4 a6 25. Rfe1 Qd5 26. Qc3 (26. Bd3 $5 {[%cal Rb1b6]} Qd8 27. Rxb6 Qxb6 28. Rb1 $14) 26... axb5 27. axb5 Kb8 28. Rec1 (28. Ra1 $1 $15 g3 29. Qxg3+ Qd6 30. Qb3) 28... Qd6 $19 29. Qa5 (29. Qb3 $142 Rc8 30. Rxc8+ Kxc8 31. Qxf7) 29... Rc8 $1 ({But not} 29... Qxd4 $2 30. Ra1 $18) 30. Rxc8+ Kxc8 31. Qa8+ Kd7 32. Rc1 {And now Qc8+ would win.} Nd5 $2 (32... Qxd4 $19 33. Qf8 Ke6 34. Qc8+ Ke7 35. Re1+ Re6 36. Rxe6+ fxe6 37. Qxb7+ Nd7) 33. Qc8+ $16 Ke7 {...Qe6 is the strong threat.} 34. Re1+ Kf6 {aiming for ...Qb4.} 35. Re5 $2 (35. Qh8+ $1 $16 Kg6 36. Qg8+ Kf6 37. Re5) 35... Ne7 $1 $15 {[%cal Re7c8]} 36. Qxg4 $2 ({White has to play} 36. Qh8+ $1 $15 Kg6 37. h4 gxh3 38. Qf8) 36... Ng6 $19 37. Rf5+ Kg7 38. h4 h5 (38... Qd7 $19 {is more deadly.} 39. Qe4 Rxb5) 39. Rxh5 $17 Qf4 $40 {[%mdl 128] Black goes for the king.} 40. Qg5 Qxg5 41. Rxg5 {[%mdl 4096] Endgame KRN-KR} f6 $1 {[%cal Rf6g5]} 42. Rc5 (42. Rh5 $17) 42... Nxh4 $19 43. f4 {[#]} Kg6 $1 44. Kf2 {intending g4.} Nf5 45. Rd5 Rd6 46. Rxd6 $2 (46. Rc5) 46... Nxd6 47. Kf3 Nxb5 (47... f5 $142 48. b6 Nc8) 48. Ke4 f5+ {Black mates.} 49. Ke5 {[#]} Nxd4 $1 {[%mdl 512]} 50. Kxd4 {[#]} Kh5 $1 {Precision: White = 18%, Black = 70%.} 0-1

[Event "150th Dundee Grandmaster Chess"]
[Site "Dundee"]
[Date "2017.07.21"]
[Round "7"]
[White "Arkell, Keith C"]
[Black "Greet, Andrew N"]
[Result "1/2-1/2"]
[WhiteElo "2424"]
[BlackElo "2447"]
[Annotator "TA"]
[PlyCount "92"]
[EventDate "2017.??.??"]
[EventCountry "SCO"]
[SourceTitle "playchess.com"]
[Source "ChessBase"]
[SourceQuality "1"]

{[%evp 23,92,-16,0,-9,-12,-20,-7,-16,-8,-20,-14,-7,0,-27,-27,-50,-54,-43,-54,-58,-50,-49,-43,-52,-47,-60,-48,-41,-52,-46,-45,-43,-54,-64,-13,-13,-7,-6,-5,-10,-13,-10,-3,-3,0,-20,-10,-73,-59,-130,-79,-80,-80,-81,-81,-82,-8,-8,-8,-6,0,0,0,0,0,0,-4,-1,0,0,0]} 1. Nf3 d5 2. d4 Nf6 3. c4 e6 4. Nc3 Bb4 5. cxd5 exd5 6. Qa4+ Nc6 7. Bg5 h6 8. Bxf6 Qxf6 9. e3 O-O 10. Be2 a6 11. O-O Be6 12. Qb3 {D38: Queen's Gambit Declined: Ragozin Defence (4 Nf3 Bb4)} (12. Rac1 Bd6 13. Qb3 Ne7 14. a3 Rfe8 15. Na4 b6 16. Nc3 Reb8 17. Rcd1 c5 18. Qc2 c4 19. e4 Qg6 20. Nh4 {0-1 (45) Dreev,A (2651)-So,W (2808) chess.com INT 2017}) 12... Rfd8 {LiveBook: 3 Games} 13. Rac1 (13. Ne5 $5 Be7 14. Nd3 $11) 13... Bd6 14. Na4 {[%cal Bc3a4,Ba4c5,Bc5d3,Bd3e5][%mdl 32]} Ne7 15. Nc5 Bc8 16. Qc3 ({Wrong is} 16. Nxb7 $2 Bxb7 17. Qc3 Bc8 $19) 16... b6 $146 ({Predecessor:} 16... Ng6 17. b4 b6 18. Nd3 Bd7 19. Nfe5 Bb5 20. Nxg6 Qxg6 {1-0 (33) Kiselev,S (2500)-Kostin,A (2393) Tula 1999}) 17. Nd3 Bd7 18. Nde5 Bb5 19. Bxb5 axb5 20. a3 c5 $1 21. dxc5 bxc5 22. Nd3 $1 Qxc3 23. Rxc3 c4 24. Nc1 $1 Rdb8 25. Rc2 b4 26. axb4 Rxb4 27. Rd1 Ra1 28. Kf1 Rb1 ({Black should try} 28... Rb5 $15) 29. Nd2 $1 $11 {[%cal Rd2b1]} R1xb2 30. Rxb2 Rxb2 {[#]} 31. Nxc4 $1 {[%mdl 512]} dxc4 32. Rxd6 {[%mdl 4096] Endgame KRN-KRN} Rb1 33. Rd1 Nc6 34. Ke2 Rb2+ 35. Kf3 (35. Ke1 $11) 35... f6 36. Re1 (36. h3 $15) 36... Ne5+ (36... Rd2 $142 37. g4 c3) 37. Kg3 $17 c3 38. f4 Nc4 39. Ne2 Rc2 (39... Nxe3 $17 {Threatens to win with ...Rd2.} 40. Nxc3 Nxg2) 40. Nd4 $11 {The position is equal.} Rd2 {Hoping for ...c2.} 41. Kf3 c2 {[#] Strongly threatening ...Nb2.} 42. Rc1 Na3 43. Nb3 Rd3 44. Nd4 Rd1 45. Nb3 $1 Rd3 46. Nd4 Rd1 {Precision: White = 61%, Black = 60%.} 1/2-1/2